| 000 | 00566nam a22001817a 4500 | ||
|---|---|---|---|
| 003 | CEME | ||
| 005 | 20210628203427.0 | ||
| 008 | 210118b xxu||||| |||| 00| 0 eng d | ||
| 020 | _a0-262-22072-5 | ||
| 040 | _cceme | ||
| 082 | _a378.7444 VES | ||
| 100 |
_aVest, Charles M. _965387 |
||
| 245 | _aPursuing the endless frontier, essays on mit and the role of research universities | ||
| 260 |
_aLONDON _bMIT _c2005 |
||
| 300 | _aXXVII, 292P | ||
| 650 |
_aPURSUING THE ENDLESS FRONTIER.ESSAYS ON MIT AND THE ROLE OF RESEARCH UNIVERSITIES _965388 |
||
| 942 |
_cBK _2ddc |
||
| 999 |
_c573614 _d573614 |
||